00265nam a22001097a 4500082000900000100002300009245005200032260002600084300000700110650002000117650001800137 bL024 aSiriwardena,Imesha aApplications of Nanotechnology in Drug Delivery aColombobICHEMCc2016 a31 aNano Technology aDrug delivery